000 00575cas a22002175a 4500
001 L138710
008 070704c20002004xxkmr p 0 a0eng u
022 1 _a1472-1430
035 _a(Sirsi) u138710
041 0 _aeng
110 2 _aAssociation of Consulting Engineers
_91225
245 0 0 _aConsult
260 _aLondon
_bACE
_c2000-2004
362 0 _a(6) September 2000-(47) October/November 2004
520 _aKept for five years
554 _a10 per year
651 4 _aUnited Kingdom
_y
690 _aBUILT ENVIRONMENT-ENGINEERING
785 0 0 _tImpact
942 _n0
999 _c119016
_d119016